[Event "ICS Rated blitz match"]
[Site "204.178.125.65"]
[Date "1999.08.23"]
[Round "?"]
[White "DrHugoELO"]
[Black "Hossa"]
[Result "0-1"]
[WhiteElo "2123"]
[BlackElo "2421"]
[Annotator "Fritz 5.32 (15s)"]
[PlyCount "128"]

1. d4 1... Nf6 {Opening = D01 - 2.Nc3 Nf6 3.Bg5} 2. Nc3 d5 3. Bg5 Bf5 4. Bxf6
exf6 5. e3 Bb4 6. Nge2 (6. Bd3 Bxd3 7. Qxd3 Nc6 8. Nge2 Qd7 9. a3 Bxc3+ 10.
Nxc3 f5 11. O-O-O O-O 12. h3 Ne7 13. g4 c6 14. gxf5 Qxf5 15. Qxf5 Nxf5 16. b3
Rfe8 17. Na4 Nd6 18. Nc5 Ne4 19. Nxe4 19... Rxe4 {
- Ochoa de Echaguen,F-Estevez,G/Bayamo 1984/MCL (19)}) 6... O-O (6... c6 7. a3
Ba5 8. Qd2 Nd7 9. Ng3 Bg6 10. h4 h5 11. Bd3 Qe7 12. Nge2 Bc7 13. O-O-O b5 14.
Bxg6 fxg6 15. e4 b4 16. axb4 Qxb4 17. exd5 Rb8 18. Qe3+ Kd8 19. b3 Re8 20. Qd3
cxd5 21. Nxd5 {Mashinskaya,I-Jurkiewicz,K/Koszalin 1998/EXT 99/1-0 (47)}) 7. a3
7... Bxc3+ $146 (7... Ba5 8. b4 Bb6 9. Ng3 Bg6 10. h4 h6 11. h5 Be4 12. Ncxe4
dxe4 13. Qg4 Kh8 14. Nf5 Rg8 15. Qxe4 Qe8 16. Qf4 Nc6 17. Bd3 Rd8 18. Kf1 Qe6
19. Nxh6 Bxd4 20. Nxf7+ {1-0 Gausel,E-Semakoff,A/Gausdal 1983/MCD (20)}) 8.
Nxc3 8... c6 {Ueberdeckt b5} 9. Bd3 Bxd3 10. Qxd3 Nd7 11. O-O Re8 12. b3 Rc8
13. Ne2 c5 14. c3 Nb6 15. dxc5 Rxc5 16. Rfd1 Qc8 17. Rac1 Ra5 18. a4 Qg4 19.
Nf4 {Der isolierte Bauer d5 wird weiter angegriffen} 19... Qg5 $16 (19... h6 $5
$14) 20. Rd2 $14 (20. Qd4 $5 20... Nd7 21. Nxd5 $18) 20... Re5 $16 (20... Rc8
$5 $14 $142 {ist eine gute Alternative}) 21. Rcd1 (21. c4 Rc5 22. Qd4 22... Nd7
$18) 21... Qh4 $18 (21... h6 $5 $16 $142) 22. g3 $16 (22. Qd4 g5 23. g3 23...
Qh6 $16) 22... Qg4 23. Qe2 $14 (23. Qd4 Qf3 24. Qb4 $18) 23... Qf5 $16 (23...
Qxe2 24. Nxe2 Kf8 25. h3 $14) 24. Rd4 $14 (24. c4 g5 25. g4 Qxf4 26. exf4 Rxe2
27. Rxe2 dxc4 28. Rd8+ 28... Kg7 $16) 24... Kh8 $2 $18 (24... g5 $5 $142 {
damit waere Schwarz im Spiel geblieben} 25. Nh5 25... Rc5 $16) 25. Nd3 $16 (25.
e4 $5 25... Qc8 (25... Rxe4 $4 26. Rxe4 h6 27. Re8+ Kh7 28. Qe7 $18) 26. c4
26... Rc5 $18) 25... Re7 26. Nb4 $14 (26. b4 $5 26... Rxa4 27. Nc5 $16) 26...
Qe5 $2 $18 (26... h6 $5 $14 $142 {ist noch spielbar}) 27. Qd3 27... Rd7 $18 (
27... h6 28. Nxd5 Nxd5 29. Rxd5 Rxd5 30. Qxd5 $18) 28. Qf1 $16 (28. e4 $5 $18
$142) 28... Qe7 29. Qh3 Qe6 30. Qg2 Rc5 31. R1d3 $14 (31. c4 $5 $16 $142) 31...
a5 32. Na2 Kg8 33. Nc1 Qf5 34. Ne2 Qe5 35. Nf4 Qc7 36. Ne2 36... Kh8 $14 (36...
Qe5 37. Qf3 $14) 37. h4 Qe5 38. Qf3 38... Qe6 $16 (38... Rc8 39. Rd1 $14) 39.
Kf1 $14 (39. Nf4 39... Qe7 $16) 39... Re7 $16 (39... Qh3+ $5 {ist bedenkenswert
} 40. Ke1 40... Qe6 $14) 40. Ke1 $14 (40. Nf4 $5 $142 40... Qe5 41. Nxd5 Nxd5
42. Rxd5 Rxd5 43. Rxd5 $18) 40... Qc6 $16 (40... Nd7 41. Rd1 Ne5 42. Qh1 $16)
41. Kd2 $14 (41. b4 axb4 42. cxb4 42... Rc4 $16) 41... Re5 42. g4 42... Qd7 $16
(42... Re8 $5 $14 {ist zu erwaegen}) 43. Qf4 $14 (43. Nf4 $5 $16) 43... Re7 44.
e4 Qe6 45. f3 Re8 46. g5 {Weiss engt den Gegner ein} 46... fxg5 47. hxg5 47...
Re7 $18 (47... Rcc8 $5 48. Kc2 48... Rcd8 $16) 48. Qf5 $14 (48. Qh4 $5 $18 $142
) 48... Qxf5 49. exf5 f6 50. gxf6 gxf6 51. Ng3 Rc6 52. Nh5 Re5 53. Ng3 $11 (53.
f4 53... Re8 $14 (53... Rxf5 $2 {funktioniert nicht} 54. Ng3 Re5 55. fxe5 $18))
53... Rc7 54. Rh4 Rce7 55. Rdd4 Nd7 56. Rh6 56... Kg7 {
Schwarz ergreift die Initiative} 57. Rdh4 {Droht Matt: Rxh7} 57... Nf8 58. Kd3
$2 $19 (58. Rh2 $11 $142 {und Weiss kann noch kaempfen}) 58... Re3+ 59. Kd4
Rxf3 60. Rh3 $2 (60. Nh1 Rxf5 61. Kd3 $19) 60... Ree3 61. Kxd5 Rxc3 62. Kd6 (
62. R6h4 {bot noch bessere Widerstandsmoeglichkeiten} 62... Rxg3 63. Rg4+ Rxg4
64. Rxc3 $19) 62... Rfd3+ 63. Ke7 Rd7+ 64. Ke8 Rc8# 0-1

[Event "ICS Rated blitz match"]
[Site "204.178.125.65"]
[Date "1999.08.23"]
[Round "?"]
[White "Hossa"]
[Black "DrHugoELO"]
[Result "1-0"]
[WhiteElo "2426"]
[BlackElo "2118"]
[Annotator "Fritz 5.32 (15s)"]
[PlyCount "103"]

1. d4 1... c5 {Opening = A44 - 2.d5 e5} 2. d5 e5 3. e4 d6 4. Bb5+ Bd7 5. Bxd7+
Nxd7 6. Nc3 Be7 7. Nf3 Ngf6 8. a4 8... O-O $146 (8... Qa5 9. O-O a6 10. Bd2 Rc8
11. Qe2 h6 12. Nh4 g6 13. g3 c4 14. Ng2 Kf8 15. Ne3 Qc5 16. a5 Qd4 17. f3 Kg7
18. Ra4 Rc7 19. Kg2 b5 20. axb6 Qxb6 21. Nxc4 Qb7 22. Na5 Qb6 23. b4 {
Tregubov,P-Makovetsky,V/Novgorod 1997/CBM 60/1-0 (42)}) 9. O-O Ne8 10. Qd3 g6
11. Bh6 Ng7 12. Qb5 Rb8 13. Nd2 a6 14. Qd3 Bg5 15. Bxg5 Qxg5 16. Nc4 Ne8 17.
Rae1 17... f5 {Spiel gegen die Bauernkette} 18. Qh3 Rf7 19. f3 $11 (19. exf5
Qxf5 20. Qxf5 20... gxf5 $11 (20... Rxf5 $143 21. Ne4 $16)) 19... Kg7 $14 (
19... b5 $5 {kommt in Betracht} 20. Na5 bxa4 21. Nxa4 21... Qd2 $11) 20. Rc1
$15 (20. f4 $142 {ist noch spielbar} 20... exf4 21. exf5 Rxf5 22. Ne4 $11)
20... h5 $14 (20... b5 $5 $142 {und Schwarz spielt mit} 21. axb5 21... axb5 $15
) 21. f4 $11 (21. exf5 $5 21... Qxf5 22. g4 $14) 21... exf4 22. exf5 Qxf5 ({
Nicht} 22... gxf5 23. Ne2 $16) 23. Qf3 $17 (23. Qxf5 Rxf5 (23... gxf5 $143 24.
Rce1 $16) 24. Rce1 Ne5 25. Nxe5 Rxe5 26. Rxe5 26... dxe5 $15) 23... Ne5 $15 (
23... b5 24. axb5 axb5 25. Nd2 $17) 24. Nxe5 dxe5 25. Ne4 {Eine wichtige Figur}
25... b6 {Befestigt c5} 26. c4 Rd8 27. b3 27... Nd6 {Stoppt d5} 28. Nc3 $19 (
28. Rce1 $5 $17 $142) 28... e4 29. Qf2 29... Qe5 {Jetzt haengt e3 in der Luft}
30. a5 30... Qd4 $4 $14 {vergibt den Vorteil} (30... f3 $142 31. Qe3 Rdf8 32.
axb6 fxg2 33. Rxf7+ 33... Rxf7 $17 (33... Nxf7 34. Nxe4 (34. Qxc5 $2 {
geht nicht} 34... Qg5 35. Nxe4 Qxc1+ 36. Kxg2 Qc2+ 37. Nf2 37... Nd6 $19) (34.
Kxg2 $6 {bringt nichts} 34... Nd6 $11) 34... Ng5 35. Qc3 (35. Qxg5 $4 35...
Qd4+ 36. Kxg2 Qxe4+ 37. Kg1 Rf4 38. Qxf4 38... Qxf4 $19) 35... Qxc3 36. Nxc3
$18 (36. Rxc3 $143 36... Nxe4 37. Re3 37... Nd2 $17))) 31. axb6 $11 {
Auf den muss Schwarz aufpassen} (31. Qxd4+ $5 31... cxd4 32. Ne2 $14) 31... Rb8
$16 (31... f3 32. gxf3 exf3 33. Qxd4+ 33... cxd4 $16) 32. Na4 $11 (32. Qxd4+
cxd4 33. Ne2 Rxb6 34. c5 $18) 32... e3 {Der Freibauer marschiert} 33. Qe2 {
Weiss erhaelt Koenigsangriff} 33... Kh6 $16 (33... Ne4 $11 $142 {
und Schwarz kann noch kaempfen}) 34. Rcd1 34... Qe5 $18 (34... Qh8 35. Nxc5
Rxb6 36. Rd3 $16) 35. Nxc5 35... Rxb6 {
Der Freibauer c4 wird schnell zu einer gefaehrlichen Waffe} 36. Nd3 Qe4 37. c5
Rxb3 38. cxd6 38... g5 $4 {Schwarz verkuerzt seine Leiden} (38... Rc3 $18) 39.
Nc5 Qb4 40. d7 $1 {glaenzend gespielt} 40... Rxd7 (40... Rf8 41. Nxb3 Qb5 42.
Qxb5 axb5 43. Rc1 $18) 41. Qxa6+ $1 {macht alles klar} 41... Qb6 42. Qxb6+ $1 {
logisch und kraftvoll} 42... Rxb6 43. Nxd7 Rd6 44. Ne5 e2 (44... Kg7 {
aendert nichts mehr} 45. Rd4 $18) 45. Nf7+ Kg6 46. Nxd6 exd1=Q (46... h4 47.
Nb7 h3 48. d6 $18) 47. Rxd1 Kf6 48. Re1 (48. Nb7 Ke7 49. d6+ Kd7 50. Rc1 Ke6
51. Re1+ Kd7 52. Re7+ Kc6 53. d7 f3 54. d8=Q f2+ 55. Kxf2 Kb5 56. Qd5+ Ka4 57.
Qd3 Kb4 58. Re4#) 48... g4 49. Ne8+ Kf5 50. d6 {Droht Matt} 50... f3 51. d7 f2+
(51... g3 {aendert nichts am Ausgang der Partie} 52. Nd6+ Kg6 53. Re6+ Kg7 54.
d8=Q f2+ 55. Kf1 gxh2 56. Qg5+ Kh7 57. Rh6#) 52. Kxf2 (52. Kxf2 g3+ 53. Kf3
gxh2 54. d8=Q Kg6 55. Qf6+ Kh7 56. Qg7#) 1-0

[Event "ICS Rated blitz match"]
[Site "204.178.125.65"]
[Date "1999.08.23"]
[Round "?"]
[White "DrHugoELO"]
[Black "Hossa"]
[Result "0-1"]
[WhiteElo "2113"]
[BlackElo "2431"]
[Annotator "Fritz 5.32 (15s)"]
[PlyCount "46"]

1. d4 (1. d4) (1. d4) (1. d4) 1... a5 {Opening = A40 - 1.d4 ---} 2. Nc3 d5 3.
Bg5 Bf5 4. e3 c6 5. Bd3 Bxd3 6. Qxd3 f6 7. Bh4 Nd7 8. Nge2 e5 9. O-O-O Bb4 10.
Kb1 Bxc3 11. Nxc3 Ne7 12. f4 Ng6 13. Bg3 13... O-O $16 (13... e4 $5 {
ist zu beachten} 14. Qe2 14... Ne7 $11) 14. fxe5 fxe5 15. e4 Nf4 (15... dxe4 $5
16. Nxe4 16... a4 $16) 16. Bxf4 Rxf4 17. dxe5 Nxe5 18. Qg3 Qf8 19. exd5 Nc4 20.
dxc6 20... bxc6 {Kontrolliert b5+d5} 21. Qd3 $4 $17 {
danach wendet sich das Blatt} (21. Rd7 $142 21... Rb8 22. b3 $16) 21... Rb8 22.
b3 $19 (22. Na4 22... Qa3 $1 {nun hat Schwarz die besseren Moeglichkeiten} 23.
Qd8+ Rf8 24. Qxb8 Rxb8 25. Rd8+ Rxd8 26. bxa3 $15) 22... Qa3 {Es droht Matt}
23. Qd8+ $4 {ein Fehler, doch es war nicht viel zu retten} (23. Na4 $142 23...
Qxa4 24. g3 $19) 23... Rf8 (23... Rf8 24. Qxf8+ {
ob er will oder nicht, Weiss muss Material hergeben} 24... Rxf8 $19) 0-1

[Event "ICS Rated blitz match"]
[Site "204.178.125.65"]
[Date "1999.08.23"]
[Round "?"]
[White "DrHugoELO"]
[Black "Hossa"]
[Result "0-1"]
[WhiteElo "2105"]
[BlackElo "2439"]
[PlyCount "124"]

1. d4 a5 2. Nc3 d5 3. Bg5 Bf5 4. e3 c6 5. Bd3 Bxd3 6. Qxd3 Qd7 7. Nf3 f6 8. Bh4
e6 9. Bg3 Bb4 10. O-O c5 11. a3 Bxc3 12. Qxc3 cxd4 13. exd4 Nc6 14. Rfe1 Nge7
15. Qe3 Nd8 16. Qf4 Rc8 17. c3 Rc6 18. Re2 O-O 19. Rae1 Nf5 20. Qg4 Nf7 21. h4
N7h6 22. Qh3 Nf7 23. Bf4 Nh8 24. g4 Ne7 25. Kh2 Neg6 26. Bg3 Nf7 27. h5 Ne7 28.
g5 fxg5 29. Rxe6 Nf5 30. Qxf5 Nd8 31. Qxf8+ Kxf8 32. Re8+ Qxe8 33. Rxe8+ Kxe8
34. Nxg5 Rh6 35. Kg2 Rxh5 36. Nf3 Rf5 37. Bc7 a4 38. Ne5 b5 39. Nd3 Rf7 40. Bb6
Ne6 41. Nb4 Rf5 42. Nd3 Nf4+ 43. Nxf4 Rxf4 44. Kg3 Re4 45. Kf3 Re1 46. Kf4 Re2
47. Kf3 Rxb2 48. Bc5 Rc2 49. Bb4 Kf7 50. Kg3 Re2 51. Kf3 Re6 52. Kg4 Kg6 53. f4
Re3 54. f5+ Kf6 55. Ba5 Re4+ 56. Kf3 Kxf5 57. Kg3 g5 58. Kf3 h5 59. Kg3 h4+ 60.
Kh3 g4+ 61. Kxh4 Re3 62. Kh5 62... Rh3# {DrHugoELO checkmated} 0-1

[Event "ICS Rated blitz match"]
[Site "204.178.125.65"]
[Date "1999.08.23"]
[Round "?"]
[White "Hossa"]
[Black "DrHugoELO"]
[Result "1-0"]
[WhiteElo "2443"]
[BlackElo "2101"]
[PlyCount "107"]

1. d4 c5 2. d5 e5 3. e4 d6 4. Bb5+ Bd7 5. Bxd7+ Nxd7 6. Nc3 Be7 7. Nf3 Ngf6 8.
a4 O-O 9. O-O Ne8 10. Qd3 g6 11. Bh6 Ng7 12. Qb5 Rb8 13. Nd2 a6 14. Qd3 Bg5 15.
Qh3 Bxd2 16. Bxd2 b5 17. axb5 axb5 18. Qh6 b4 19. Ne2 f5 20. Bg5 Nf6 21. Ra7
Rf7 22. Rxf7 Kxf7 23. f4 c4 24. fxe5 dxe5 25. Bxf6 Qxf6 26. Qxh7 f4 27. Rf2 Ra8
28. Nc1 Ra1 29. Rf1 Ke7 30. b3 c3 31. Nd3 Rxf1+ 32. Kxf1 f3 33. Nxb4 Kd6 34.
Qh6 Nh5 35. Qe3 fxg2+ 36. Kxg2 Nf4+ 37. Kh1 Qg5 38. Qb6+ Ke7 39. Nc6+ Kf8 40.
Qb8+ Kg7 41. Qxe5+ Qxe5 42. Nxe5 Kf6 43. Nc6 Ne2 44. e5+ Kf5 45. e6 Kf6 46. e7
Kf7 47. d6 Ke8 48. Nb4 Nd4 49. Nd5 Nxb3 50. Nc7+ Kd7 51. e8=Q+ Kxd6 52. Qxg6+
Kxc7 53. cxb3 Kb7 54. Qg7+ {DrHugoELO resigns} 1-0

[Event "ICS Rated blitz match"]
[Site "204.178.125.65"]
[Date "1999.08.23"]
[Round "?"]
[White "Hossa"]
[Black "DrHugoELO"]
[Result "1-0"]
[WhiteElo "2451"]
[BlackElo "2093"]
[PlyCount "107"]

1. d4 c5 2. d5 e5 3. e4 d6 4. Bb5+ Bd7 5. Bxd7+ Nxd7 6. Nc3 Be7 7. Nf3 Ngf6 8.
a4 O-O 9. O-O Ne8 10. Qd3 g6 11. Bh6 Ng7 12. Qb5 Rb8 13. Nd2 a6 14. Qd3 Bg5 15.
Bxg5 Qxg5 16. Nc4 Ne8 17. Rae1 f5 18. Qh3 Qg4 19. Qh6 b5 20. f3 Qf4 21. Qxf4
exf4 22. axb5 axb5 23. Nd2 b4 24. Ne2 g5 25. h4 h6 26. hxg5 hxg5 27. g3 fxg3
28. Nxg3 f4 29. Nf5 Ne5 30. Kf2 Kf7 31. Rh1 Rg8 32. Nh6+ Kg7 33. Nxg8 Kxg8 34.
Reg1 Nf7 35. Nc4 Nf6 36. Nxd6 Nxd6 37. e5 Nde4+ 38. fxe4 Nxe4+ 39. Kf3 Ng3 40.
Rh2 Rd8 41. Rd1 Kf7 42. c4 bxc3 43. bxc3 Kg6 44. e6 Kf5 45. e7 Ra8 46. d6 g4+
47. Kg2 Ra2+ 48. Kg1 Ne2+ 49. Rxe2 Rxe2 50. d7 f3 51. e8=Q f2+ 52. Kg2 g3 53.
Qxe2 f1=Q+ 54. Rxf1+ {DrHugoELO resigns} 1-0

[Event "ICS Rated blitz match"]
[Site "204.178.125.65"]
[Date "1999.08.23"]
[Round "?"]
[White "DrHugoELO"]
[Black "Hossa"]
[Result "1/2-1/2"]
[WhiteElo "2089"]
[BlackElo "2455"]
[PlyCount "130"]

1. d4 a5 2. Bg5 d5 3. Nf3 Bg4 4. Nbd2 Bxf3 5. Nxf3 f6 6. Bf4 Kf7 7. e3 e6 8. c4
Bb4+ 9. Nd2 c5 10. a3 Bxd2+ 11. Qxd2 cxd4 12. exd4 Ne7 13. Be2 Nbc6 14. Rd1 Nf5
15. Be3 Rf8 16. c5 b6 17. b4 axb4 18. axb4 bxc5 19. bxc5 Ra4 20. Qc2 Qa5+ 21.
Bd2 Ncxd4 22. Qxf5 Nxf5 23. Bxa5 Rxa5 24. Rc1 Rc8 25. c6 Nd4 26. c7 Nxe2 27.
Kxe2 Ra7 28. Rc6 Raxc7 29. Rb6 Rc2+ 30. Kf3 R8c3+ 31. Kg4 Rxf2 32. g3 e5 33. h4
f5+ 34. Kh5 Rxg3 35. Rc1 Ke7 36. Rc7+ Kd8 37. Rf7 Rc3 38. Rb8+ Rc8 39. Rf8+ Kd7
40. Rfxc8 Rf4 41. Rg8 g6+ 42. Kg5 Kc6 43. Rgc8+ Kd6 44. Rb6+ Kd7 45. Ra8 Kc7
46. Rf6 Rg4+ 47. Kh6 Rxh4+ 48. Kg7 Kb7 49. Re8 Rc4 50. Rxe5 Rc7+ 51. Rf7 Rxf7+
52. Kxf7 d4 53. Rd5 Kc6 54. Rxd4 Kc5 55. Rd2 Kc4 56. Kf6 Kc3 57. Rd7 f4 58.
Rxh7 Kd3 59. Kxg6 f3 60. Kg5 f2 61. Rf7 Ke2 62. Re7+ Kf1 63. Kg4 Kg2 64. Rf7
f1=R 65. Rxf1 65... Kxf1 {Game drawn because neither player has mating material
} 1/2-1/2

[Event "ICS Rated blitz match"]
[Site "204.178.125.65"]
[Date "1999.08.23"]
[Round "?"]
[White "PostModernist"]
[Black "Hossa"]
[Result "1-0"]
[WhiteElo "2598"]
[BlackElo "2442"]
[Annotator "Fritz 5.32 (15s)"]
[PlyCount "69"]

1. d4 1... a5 {Opening = A40 - 1.d4 ---} 2. e4 2... d5 $146 (2... e6 3. Nf3 g6
4. Bg5 Be7 5. h4 Nf6 6. e5 Ne4 7. Bf4 d6 8. Bd3 dxe5 9. Bxe5 Nf6 10. h5 Rg8 11.
hxg6 hxg6 12. Nc3 Nc6 13. Qe2 Nxe5 14. dxe5 Nd5 15. Nxd5 Qxd5 16. Be4 Qc5 17.
O-O-O Ra6 18. Rd3 a4 19. Rhd1 Qb4 20. c3 Qa5 21. Qd2 c5 22. a3 Rh8 23. Qf4 c4
24. Rd4 Bxa3 25. Rd8+ {1-0 Klaric,Z-Sangoi,J/Chartres 1990/EXT 97 (25)}) 3.
exd5 Qxd5 4. Nc3 Qd8 5. Bb5+ 5... c6 {Sichert d5} 6. Bc4 b5 7. Be2 $11 (7. Nxb5
cxb5 8. Bxf7+ Kxf7 9. Qf3+ Nf6 10. Qxa8 10... Be6 $11) 7... Nf6 8. Nf3 8... b4
{Schwarz gewinnt Raum} 9. Nb1 Bg4 10. O-O Nbd7 11. c3 c5 12. dxc5 Nxc5 13. cxb4
axb4 14. Bb5+ {Leitet das Manoever Le2-b5-c4-b3 ein} 14... Bd7 15. Bc4 Be6 16.
Qe2 Nb3 17. Bxb3 {b4 wird blockiert} 17... Bxb3 18. Qb5+ Nd7 19. Qxb4 Bd5 20.
Rd1 Bxf3 21. gxf3 e5 22. Qg4 Ra6 23. Bg5 {
Nun geraet Schwarz unter starken Druck.} 23... f6 $16 (23... Be7 24. Bxe7 Qxe7
25. Qc4 $14) 24. Be3 Rc6 25. Nc3 g6 26. Qa4 26... Re6 $4 $18 {
Schwarz bricht voellig ein} (26... Qc8 $16 $142) 27. Qc4 Rd6 (27... Kf7 {
ist der letzte Strohhalm} 28. Qd5 Qb8 29. Qxd7+ 29... Be7 $18) 28. Nb5 $1 {
das wars} 28... Rxd1+ (28... Nb8 {
kann das Vorangegangene nicht ungeschehen machen} 29. Nxd6+ Bxd6 30. Rac1 $18)
29. Rxd1 {Es droht Matt} 29... Qb8 (29... Qe7 30. Qc8+ Kf7 31. Rxd7 g5 32.
Rxe7+ Bxe7 33. Qxh8 Bb4 34. Qxh7+ Ke6 35. Qg8+ Kd7 36. Qf7+ Kd8 37. Bb6+ Kc8
38. Qc7#) 30. Qe6+ Be7 31. Rxd7 $1 {entscheidend} 31... Qd8 32. Rxd8+ (32. Nd6+
Kf8 33. Qf7#) 32... Kxd8 33. Bb6+ Ke8 34. Nd6+ Kf8 35. Qf7# 1-0

[Event "ICS Rated blitz match"]
[Site "204.178.125.65"]
[Date "1999.08.23"]
[Round "?"]
[White "Hossa"]
[Black "PostModernist"]
[Result "1-0"]
[WhiteElo "2433"]
[BlackElo "2607"]
[PlyCount "169"]

1. e4 e5 2. Qh5 d6 3. Bb5+ Bd7 4. Qe2 Qg5 5. f3 Bxb5 6. Qxb5+ Nd7 7. Qe2 O-O-O
8. Nc3 Qh4+ 9. g3 Qf6 10. d3 Ne7 11. Be3 Nc6 12. Nd5 Qe6 13. O-O-O Be7 14. d4
exd4 15. Bxd4 Bf6 16. Bf2 Qe5 17. Qb5 a6 18. Qb3 Na5 19. Qb4 Nc6 20. Qa3 Bg5+
21. Be3 Bxe3+ 22. Nxe3 Nb6 23. Nd5 Nc4 24. Qc3 Qxc3 25. Nxc3 Rhe8 26. b3 N4e5
27. h4 b6 28. Rh2 g6 29. h5 Ne7 30. hxg6 hxg6 31. f4 Ng4 32. Rh4 f5 33. Re1 Ng8
34. Nf3 N8f6 35. e5 dxe5 36. fxe5 Nh5 37. Rh3 Nf2 38. Rh2 Nd3+ 39. cxd3 Rxd3
40. Rc2 Rxf3 41. Nd5 Nxg3 42. Nxc7 Rh8 43. Nd5+ Kb8 44. e6 Ne4 45. Nxb6 Rf2 46.
Nd7+ Kb7 47. Rxf2 Nxf2 48. e7 Nd3+ 49. Kd2 Nxe1 50. Nf8 Nf3+ 51. Kc3 Rh3 52.
e8=Q Ne5+ 53. Kb2 Re3 54. Qe7+ Ka8 55. Qd8+ Kb7 56. Qd5+ Kb8 57. Qd6+ Kb7 58.
Nxg6 Nxg6 59. Qxg6 Re2+ 60. Ka3 Re7 61. Qxf5 Rc7 62. b4 Ka8 63. Qa5 Kb7 64. b5
axb5 65. Kb3 Rc6 66. a4 bxa4+ 67. Qxa4 Rc7 68. Qb5+ Ka7 69. Ka4 Rb7 70. Qa5+
Kb8 71. Qd8+ Ka7 72. Ka5 Rb3 73. Qd7+ Kb8 74. Qd6+ Ka7 75. Qc5+ Kb8 76. Ka6 Rh3
77. Qe5+ Kc8 78. Qe6+ Kc7 79. Qxh3 Kd6 80. Qe3 Kd5 81. Kb6 Kc4 82. Qd2 Kb3 83.
Kc5 Ka3 84. Kc4 Ka4 85. Qa2# {PostModernist checkmated} 1-0

[Event "ICS Rated blitz match"]
[Site "204.178.125.65"]
[Date "1999.08.23"]
[Round "?"]
[White "PostModernist"]
[Black "Hossa"]
[Result "1-0"]
[WhiteElo "2584"]
[BlackElo "2456"]
[Annotator "Fritz 5.32 (30s)"]
[PlyCount "129"]

1. c4 1... e6 {Opening = A13 - 1.c4 e6 2.---} 2. g3 d5 3. Bg2 dxc4 4. Qa4+ Bd7
(4... Nd7 5. Na3 Ngf6 6. Nxc4 Be7 7. Nf3 O-O 8. O-O c5 9. d3 a6 10. Qc2 Ra7 11.
a4 b6 12. e4 Bb7 13. h3 Ra8 14. Bf4 Nh5 15. Bd2 Rc8 16. Qb3 Bc6 17. Bc3 Nhf6
18. Nfe5 Nxe5 19. Nxe5 {Chernin,A-Boensch,U/Tilburg 1994/CBM 44/1-0 (51)}) (
4... c6 5. Qxc4 b5 6. Qc2 Bb7 7. Nc3 a6 8. Nf3 Nd7 9. O-O Ngf6 10. d4 c5 11.
dxc5 Bxc5 12. Bg5 Qb6 13. Bxf6 Nxf6 14. a3 Rc8 15. e3 O-O 16. Qe2 Rfd8 17. Rfd1
Rxd1+ 18. Rxd1 Bxa3 19. bxa3 {Krumphals,F-Neubauer,A/Graz 1997/EXT 99/0-1 (68)}
) 5. Qxc4 5... Nc6 $146 (5... Bc6 6. Nf3 (6. e4 Nd7 7. Ne2 Ne5 8. Qc2 Nd3+ 9.
Kf1 Bc5 10. f4 f5 11. Qc4 Qd7 12. Nbc3 b5 13. Qb3 Nf6 14. Nd5 fxe4 15. Ne3 O-O
16. Bh3 Nd5 17. Nc3 Nxe3+ 18. dxe3 Rf6 19. Bg2 Bd5 20. Qxb5 20... c6 {
Wyvill,M-Kennedy,H/London 1851/HCL/0-1 (35)}) 6... Bd5 7. Qc2 (7. Qa4+ Qd7 8.
Qd1 Bxf3 9. Bxf3 c5 10. b3 Be7 11. Bb2 Bf6 12. Nc3 Nc6 13. Rc1 Rc8 14. O-O Nge7
15. Ba3 b6 16. Ne4 Be5 17. Bg2 O-O 18. f4 Bb8 19. e3 f5 20. Ng5 h6 21. Nf3
21... e5 {Smyslov,V-Wade,R/Bath 1973/EU-chT/1-0 (44)}) 7... Nc6 8. O-O Bxf3 9.
Bxf3 Nd4 10. Qa4+ Qd7 11. Qxd7+ Kxd7 12. Nc3 Nxf3+ 13. exf3 Rd8 14. d4 Kc8 15.
Be3 Bb4 16. Rac1 Bxc3 17. bxc3 Ne7 18. Rc2 Nc6 19. f4 Rd5 20. Rb1 {
Carls,C-Marshall,F/Breslau 1912/HCL/0-1 (63)}) 6. Nf3 Bd6 7. O-O Nf6 8. Nd4
Nxd4 9. Qxd4 e5 10. Qe3 10... c6 {Ueberdeckt d5} 11. Nc3 O-O 12. d3 {Sichert e4
} 12... Ng4 13. Qf3 f5 14. Bh3 Qe7 15. Bd2 Rae8 16. Bxg4 fxg4 17. Qg2 Bc5 18.
Ne4 {Der Springer ist gut postiert} 18... Bd4 19. Rab1 Be6 20. b3 $17 {
Staerkt c4} (20. a3 Ba2 21. Rbc1 21... Rc8 $11) 20... Qa3 21. e3 Bb6 22. Ra1
$19 (22. Bc3 Qxa2 23. Bxe5 23... Bxb3 $19) 22... Bd5 $17 (22... Rd8 $5 $142 23.
Rad1 23... Qxa2 $19) 23. Bc3 Qe7 24. Rac1 Rd8 25. Rfd1 Rd7 26. Rd2 Qe8 27. Bb4
Rff7 28. Bc5 Bxc5 29. Rxc5 Rf8 30. Ra5 $19 (30. Rcc2 30... Qg6 $17) 30... Qg6
31. Rc2 b6 32. Ra4 (32. Ra3 32... c5 $19) 32... c5 33. Qf1 Bc6 34. Ra3 (34.
Rac4 Rfd8 35. Rd2 35... Bd5 $19) 34... Bxe4 (34... Rfd8 35. Nc3 $19) 35. dxe4
Qxe4 36. Qe2 36... Rf3 $17 (36... Rxf2 37. Kxf2 Qh1 38. Qc4+ Kf8 39. Qxg4 Qxh2+
40. Kf1 Qxc2 41. Qxd7 Qc1+ 42. Kg2 Qxa3 43. Qf5+ Ke7 44. Qxe5+ Kd8 45. Qd6+ Kc8
46. Qf8+ 46... Kb7 $11) 37. Ra4 Qg6 38. Rd2 38... Rxd2 {Droht Matt} 39. Qxd2
39... h5 $11 (39... Rf7 40. Qd8+ Rf8 41. Qd5+ Qf7 42. Qxf7+ Rxf7 43. Rxg4 $11)
40. Qd5+ 40... Qf7 {Droht Matt: Qxd5} 41. Qa8+ Kh7 42. Rxa7 Qf5 43. e4 {
Mit der Mattdrohung exf5} 43... Qf6 {Schwarz droht stark Rc3} 44. Qe8 Kh6 45.
Qb5 $4 $19 {wirft den Vorteil weg} (45. Qh8+ $142 {
haette die Niederlage vermieden} 45... Kg6 46. Qe8+ Kh6 47. Qh8+ Kg6 48. Qe8+
48... Kh6 $11) 45... Rc3 $4 $15 {gibt den Vorteil aus der Hand} (45... Rxf2
$142 {und Schwarz bekommt die Oberhand} 46. Ra6 46... Kh7 $19) 46. Qe2 {
Weiss erhaelt Koenigsangriff} 46... Qd6 47. Rb7 Kh7 48. h3 Qc6 49. Re7 Qd6 50.
Re8 Qd4 51. Kg2 (51. hxg4 $2 {ist nicht korrekt} 51... Rxg3+ 52. Kh2 52... Rxg4
$19) 51... Qd7 $11 (51... gxh3+ $5 52. Kh2 g6 53. Re7+ 53... Kh8 $15) 52. Rxe5
52... gxh3+ {Der Freibauer marschiert} 53. Kh2 g6 54. Rd5 {Droht Matt: Rxd7}
54... Qe6 55. f3 $11 (55. Qd1 Qf6 56. Rd7+ Kh8 57. Kxh3 Qe6+ 58. Kh2 $18) 55...
Rc1 $4 $18 (55... Qf6 $142 {haette die Partie gerettet} 56. Rd3 Rxd3 57. Qxd3
Qb2+ 58. Kxh3 58... Qc1 $11) 56. Qb2 Rf1 (56... Qf7 {
macht keinen grossen Unterschied} 57. Rd8 Rc2+ 58. Qxc2 Qxf3 59. Qb2 Qg2+ 60.
Qxg2 hxg2 61. Rb8 $18) 57. Rd8 $1 {glaenzend gespielt. Es droht Matt} 57... Kh6
(57... Rf2+ {ist noch eine duenne Chance} 58. Qxf2 58... Qe5 $18) 58. Rh8+ $1 {
ein laestiges Schach} 58... Kg5 59. Qd2+ 59... Kf6 {
Wenn Schwarz jetzt zu Rxf3 kaeme...} 60. Qf4+ Qf5 61. exf5 {Droht Matt} 61...
gxf5 (61... Rf2+ {aendert nichts mehr} 62. Kxh3 Rh2+ 63. Kxh2 gxf5 64. Qd6+ Kg7
65. Qf8+ Kg6 66. Rh6+ Kg5 67. Qf6#) 62. Qh6+ Ke5 63. Re8+ Kd5 64. Rd8+ Ke5 65.
Qd6# 1-0

[Event "ICS Rated blitz match"]
[Site "204.178.125.65"]
[Date "1999.08.23"]
[Round "?"]
[White "Hossa"]
[Black "wooog"]
[Result "1/2-1/2"]
[WhiteElo "2446"]
[BlackElo "2623"]
[PlyCount "75"]

1. d4 d5 2. c4 e6 3. Nc3 Nf6 4. cxd5 exd5 5. Bg5 Be7 6. Qc2 O-O 7. e3 Nc6 8. a3
h6 9. Bxf6 Bxf6 10. Bd3 Re8 11. Nge2 Ne7 12. O-O Bg4 13. Bh7+ Kh8 14. f3 Bc8
15. Bd3 Nc6 16. Nd1 Bg5 17. f4 Bf6 18. Bf5 Bxf5 19. Qxf5 Na5 20. Rc1 Nc4 21.
Rf3 c6 22. Qh5 Re7 23. Ng3 Nd2 24. Rf2 Nb3 25. Rcc2 Nxd4 26. exd4 Bxd4 27. Rce2
Rxe2 28. Qxe2 Qb6 29. Nf5 Bxf2+ 30. Nxf2 Kh7 31. Qe5 f6 32. Qe7 Rg8 33. b4 Kh8
34. Qf7 a5 35. Ne7 Rd8 36. Nf5 Rg8 37. Ne7 Rd8 38. Nf5 {
Game drawn by mutual agreement} 1/2-1/2